000
003080000a22001450004500
003
MACL
040
_a
MACL
090
_c
2781
_d
2781
100
_a
Shah, A.M.
245
_a
Social Structure And Change
_b
Vol 1
260
_b
Sage Publications
_c
1996
350
_a
165
650
_a
Biography
942
_c
BOOK
_k
300
999
_c
2762
_d
2762